Southville International School and Colleges
Your cart is empty.
  • Cart
  • Lists
    Public lists Eva Luna New books Lux_list list_1
    Your lists Log in to create your own lists
  • Log in to your account
  • Your cookies
  • Search history
Southville International School and Colleges
  • Advanced search
  • Recent comments
  • Most popular
  • Libraries

Log in to your account

Log in with GOOGLE


If you do not have an external account, but do have a local account, you can still log in:

  1. Home
  2. MARC view: The Pocket book of verse /
Normal view MARC view ISBD view

The Pocket book of verse / (Record no. 10646)

[ view plain ]
MARC details
000 -LEADER
fixed length control field 00600nam a22002057a 4500
003 - CONTROL NUMBER IDENTIFIER
control field OSt
005 - DATE AND TIME OF LATEST TRANSACTION
control field 20140310182218.0
008 - FIXED-LENGTH DATA ELEMENTS--GENERAL INFORMATION
fixed length control field 130909t xxu||||| |||| 00| 0 eng d
050 ## - LIBRARY OF CONGRESS CALL NUMBER
Classification number PR 1175
Item number .P739 1940
082 ## - DEWEY DECIMAL CLASSIFICATION NUMBER
Classification number HS 821.008
Item number P75 1940
245 ## - TITLE STATEMENT
Title The Pocket book of verse /
Statement of responsibility, etc edited and with introd. by M.E. Speare.
260 ## - PUBLICATION, DISTRIBUTION, ETC. (IMPRINT)
Place of publication, distribution, etc New York :
Name of publisher, distributor, etc Washington Square Press,
Date of publication, distribution, etc c1940.
300 ## - PHYSICAL DESCRIPTION
Extent xxi,393 p. :
Dimensions 16 cm.
500 ## - GENERAL NOTE
General note includes general index.
541 ## - IMMEDIATE SOURCE OF ACQUISITION NOTE
-- 1
562 ## - COPY AND VERSION IDENTIFICATION NOTE
Number of copies 1
650 ## - SUBJECT ADDED ENTRY--TOPICAL TERM
Topical term or geographic name as entry element English poetry
9 (RLIN) 1677
650 ## - SUBJECT ADDED ENTRY--TOPICAL TERM
Topical term or geographic name as entry element American poetry
9 (RLIN) 1688
942 ## - ADDED ENTRY ELEMENTS (KOHA)
Source of classification or shelving scheme Library of Congress Classification
Koha item type
Holdings
Withdrawn status Lost status Source of classification or shelving scheme Damaged status Home library Current library Shelving location Date acquired Source of acquisition Total Checkouts Full call number Barcode Date last seen Copy number Price effective from Koha item type Public note
Withdrawn   Library of Congress Classification   Luxembourg Library Luxembourg Library High School Section 09/09/2013 Donation   PR 1175 .P739 1940 7143 07/17/2019 1 09/09/2013 Books For inventory: Not found in inventory AY 14-15

The Pocket book of verse /

APA

(1940). The Pocket book of verse. New York: Washington Square Press.

Chicago

1940. The Pocket book of verse. New York: Washington Square Press.

Harvard

(1940). The Pocket book of verse. New York: Washington Square Press.

MLA

The Pocket book of verse. New York: Washington Square Press. 1940.

  • Print
  • Cite
  • Add to your cart (remove)
  • Save record
    BIBTEX Dublin Core MARCXML MARC (non-Unicode/MARC-8) MARC (Unicode/UTF-8) MARC (Unicode/UTF-8, Standard) MODS (XML) RIS
  • More searches
    Search for this title in:
    Other Libraries (WorldCat) Other Databases (Google Scholar) Online Stores (Bookfinder.com) Open Library (openlibrary.org)

Exporting to Dublin Core...

SOUTHVILLE LIBRARY

Southville International School and Colleges Library

1281 Tropical Ave. Cor. Luxembourg St., BF Homes International, Las Pinas City

Tel. No. 8256374 / 252358 Loc. 117/146

Powered by Koha